000 00559nam a22001817a 4500
005 20251108173005.0
008 250721s2004 xx 000 0 ara d
082 1 4 _aم/423.1/ محم
100 1 _aالمحمود، عصمت
245 1 0 _aالوافي: قاموس إنجليزي - عربي /
264 1 _aعمان :
_bدارأسامة للنشر و التوزيع،
_c2004.
300 _a526ص
650 1 7 _aالقواميس
650 1 7 _aاللغة العربية
650 1 7 _aاللغة الإنجليزية
942 _2ddc
_cREF
999 _c93515
_d93515